Structural appraisal of existing buildings, including for a material change of use (Record no. 114860)

MARC details
000 -LEADER
fixed length control field 00980cam a22002655a 4500
001 - CONTROL NUMBER
control field L157594
008 - FIXED-LENGTH DATA ELEMENTS--GENERAL INFORMATION
fixed length control field 130129s2012 xxk f 000 0 eng d
020 ## - INTERNATIONAL STANDARD BOOK NUMBER
International Standard Book Number 9781848062719
035 ## - SYSTEM CONTROL NUMBER
System control number (Sirsi) u157594
041 0# - LANGUAGE CODE
Language code of text/sound track or separate title eng
100 1# - MAIN ENTRY--PERSONAL NAME
Personal name Matthews, Stuart
245 00 - TITLE STATEMENT
Title Structural appraisal of existing buildings, including for a material change of use
Remainder of title part 4:additional considerations and information sources
260 ## - PUBLICATION, DISTRIBUTION, ETC.
Place of publication, distribution, etc. Watford : IHS BRE, 2012
300 ## - PHYSICAL DESCRIPTION
Extent 20p. : ill. ; 30cm.
490 ## - SERIES STATEMENT
Series statement BRE Digest ; 366 Part 4
520 ## - SUMMARY, ETC.
Summary, etc. Gives guidance to professional engineers on the structural appraisal of existing buildings, including making a structural appraisal for a material change.
521 ## - TARGET AUDIENCE NOTE
Target audience note Advanced
590 ## - LOCAL NOTE (RLIN)
Local note KA
650 24 - SUBJECT ADDED ENTRY--TOPICAL TERM
Topical term or geographic name entry element STRUCTURAL APPRAISAL
650 24 - SUBJECT ADDED ENTRY--TOPICAL TERM
Topical term or geographic name entry element STRUCTURAL SURVEYING
651 #4 - SUBJECT ADDED ENTRY--GEOGRAPHIC NAME
Geographic name ENGLAND AND WALES
690 ## - LOCAL SUBJECT ADDED ENTRY--TOPICAL TERM (OCLC, RLIN)
Topical term or geographic name as entry element Building materials and defects
690 ## - LOCAL SUBJECT ADDED ENTRY--TOPICAL TERM (OCLC, RLIN)
Topical term or geographic name as entry element BUILT ENVIRONMENT-BUILDING SURVEYING-STRUCTURAL SURVEYING
942 ## - ADDED ENTRY ELEMENTS (KOHA)
Suppress in OPAC 0
Holdings
Withdrawn status Lost status Source of classification or shelving scheme Damaged status Not for loan Home library Current library Shelving location Date acquired Total Checkouts Full call number Barcode Date last seen Copy number Price effective from Koha item type
    Dewey Decimal Classification     London London BRE publications 29/01/2013   BRE 30075088 06/08/2019 1 06/08/2019 Book